| 000 | 02658cam a22005174i 4500 | ||
|---|---|---|---|
| 003 | PE-LiUPU | ||
| 005 | 20250731172726.0 | ||
| 008 | 150617s1975 sp rb 000 0 spa d | ||
| 035 | _a(Sirsi) a11330 | ||
| 040 |
_aPE-LiUPU _bspa _cPE-LiUPU _erda |
||
| 049 | _aPRUA | ||
| 082 | 0 | 4 |
_a220.608 _bW78 _221 |
| 100 | 1 |
_aWolff, Hans Walter, _eautor. |
|
| 245 | 1 | 0 |
_aAntropología del Antiguo Testamento / _cHans Walter Wolff. |
| 264 | 1 |
_aSalamanca : _bEdiciones Sígueme, _c1975. |
|
| 300 |
_a341 páginas ; _c22 centímetros. |
||
| 336 |
_atext _2rdacontent |
||
| 337 |
_aunmediated _2rdamedia |
||
| 338 |
_avolume _2rdacarrier |
||
| 490 | 0 |
_aBiblioteca de Estudios bíblicos ; _v5 |
|
| 504 | _aIncluye bibliografía. | ||
| 505 | 0 | _aEl ser del hombre -- näpäs, el hombre necesitado -- basar, el hombre efímero -- ruh, el hombre fortalecido -- leb(ab), el hombre razonante -- La vida del cuerpo -- El interior del cuerpo -- La forma del cuerpo -- La esencia del hombre -- El tiempo del hombre -- El concepto del tiempo en el A.T -- Creación y nacimiento -- Vida y muerte -- Ser joven y envejecer -- Vigilar y trabajar -- Dormir y descansar -- Enfermedad y curación -- La esperanza del hombre -- El mundo del hombre -- Imagen de Dios, al regidor del mundo -- Marido y mujer -- Padres e hijos -- Hermanos, amigos, enemigos -- Señores y siervos -- Sabios y necios (maestros y discípulos) -- El individuo y la comunidad -- El destino del hombre. | |
| 526 | _aSEG42 | ||
| 526 | _aSEG41 | ||
| 526 | _aSEG40 | ||
| 526 | _aSEG39 | ||
| 526 | _aP94 | ||
| 526 | _aP87 | ||
| 526 | _aP86 | ||
| 526 | _aP85 | ||
| 526 | _aP77 | ||
| 526 | _aP76 | ||
| 526 | _aP35 | ||
| 630 | 0 | 4 |
_aBiblia _pA.T. _xCrítica e interpretación. |
| 650 | 1 | 4 | _aAntropología bíblica. |
| 910 |
_ajck _bjvq _cjck _d20150616 |
||
| 942 |
_2ddc _cBOOK |
||
| 949 |
_a220.608 W78 _wDEWEY _c1 _i21702 _lCCODEBUL1 _mBUL _p00.00 _r0 _sY _tBOOK _u19751127 _xTEOLOGIA _PP35 _0COMPRA _o.STAFF. Colección General |
||
| 949 |
_a220.608 W78 _wDEWEY _c2 _i14115 _lCCODEBUL1 _mBUL _p00.00 _r0 _sY _tBOOK _u19751127 _xTEOLOGIA _PP35 _0COMPRA _o.STAFF. Colección General |
||
| 994 |
_aC0 _bPEPRU |
||
| 596 | _a1 | ||
| 999 |
_a220.608 W78 _wDEWEY _c1470 _i21702 _d1470 _e2018-1-14 _f2021-11-9 _g5 _lCCODEBUL1 _mBUL _n1 _p19.00 _r0 _sY _tBOOK _u2015-6-17 _xTEOLOGIA _PP35 _0COMPRA _o.STAFF. Colección Teología |
||
| 999 |
_a220.608 W78 _wDEWEY _c2 _i14115 _d2019-7-14 _e2019-7-12 _f2021-11-9 _g5 _lCCODEBUL1 _mBUL _n3 _p23.00 _r0 _sY _tBOOK _u2015-6-17 _xTEOLOGIA _PP35 _0COMPRA _o.STAFF. Colección Teología |
||
| 980 |
_81 _gALBERTO SANCHEZ Responsable de Automatización |
||